Countries With the "Best" National Anthems from TheTopTens - Statistics

General Stats
  • This quiz has been taken 71 times
  • The average score is 12 of 20
Answer Stats
Continent Answer % Correct
Europe/Asia Russia
91%
North America United States
91%
Asia Japan
90%
North America Canada
88%
Europe United Kingdom
88%
Europe France
86%
Europe Germany
79%
Asia India
79%
Europe Italy
76%
North America Mexico
71%
Europe Spain
71%
Oceania Australia
69%
South America Brazil
69%
Africa South Africa
45%
Asia Pakistan
43%
Asia Philippines
17%
Europe/Asia Soviet Union
16%
Asia Nepal
14%
Asia Bangladesh
9%
Europe Scotland
9%
No matching quizzes found
Score Distribution
Percent of People with Each Score
Percentile by Number Answered
Your Score History
You have not taken this quiz